Vista normal
Vista MARC
Entrada Materia (personas)
Número de registros utilizados en: 2
001 - CONTROL NUMBER
- control field: 77376
003 - CONTROL NUMBER IDENTIFIER
- control field: Co-BoUCM
005 - DATE AND TIME OF LATEST TRANSACTION
- control field: 20160523160856.0
008 - FIXED-LENGTH DATA ELEMENTS
- fixed length control field: 160523|| aca||aabn | a|a d
040 ## - CATALOGING SOURCE
- Original cataloging agency: Co-BoUCM
- Transcribing agency: Co-BoUCM
100 ## - HEADING--PERSONAL NAME
- Personal name: Pío
- Numeration: IX,
- Titles and other words associated with a name: Papa, Beato
- General subdivision: Biografías
670 ## - SOURCE DATA FOUND
- Source citation: Work cat.: (Co-BoUCM): 37195 Carrasquilla, Rafael María 1857-1930 , Vida de Pio IX, 1878